A TEXT BOOK OF CLINICAL PHARMACY ESSENTIAL CONCEPTS AND SKILLS (Record no. 8300)

MARC details
000 -LEADER
fixed length control field 00524nam a22001817a 4500
005 - DATE AND TIME OF LATEST TRANSACTION
control field 20230816161748.0
008 - FIXED-LENGTH DATA ELEMENTS--GENERAL INFORMATION
fixed length control field 230509b |||||||| |||| 00| 0 eng d
020 ## - INTERNATIONAL STANDARD BOOK NUMBER
ISBN 9788173717567
041 ## - LANGUAGE CODE
Language code of text/sound track or separate title eng
082 ## - DEWEY DECIMAL CLASSIFICATION NUMBER
Classification number 615 PAR-A
100 ## - MAIN ENTRY--AUTHOR NAME
Personal name PARTHASARATHI ,G .,NYFORT-HANSEN AND NAHATA , MILAP. C
245 ## - TITLE STATEMENT
Title A TEXT BOOK OF CLINICAL PHARMACY ESSENTIAL CONCEPTS AND SKILLS
250 ## - EDITION STATEMENT
Edition statement 2nd ed.
260 2# - PUBLICATION, DISTRIBUTION, ETC. (IMPRINT)
Name of publisher UNIVERSITIES PRESS
Year of publication 2022
300 ## - PHYSICAL DESCRIPTION
Number of Pages 580;P.
650 ## - SUBJECT ADDED ENTRY--TOPICAL TERM
Topical Term PHARMACY
General subdivision B. PHARMA
942 ## - ADDED ENTRY ELEMENTS (KOHA)
Koha item type Books
Holdings
Lost status Damaged status Collection code Home library Current library Shelving location Date acquired Source of acquisition Cost, normal purchase price Full call number Accession Number Koha item type
    PHARMACY JRU Library JRU Library Shelf - 27- F 08/05/2023 LOHIA BOOKS INTERNATIONAL 925.00 615 PAR-A 27711 Books
    PHARMACY JRU Library JRU Library Shelf - 27- F 08/05/2023 LOHIA BOOKS INTERNATIONAL 925.00 615 PAR-A 27712 Books
    PHARMACY JRU Library JRU Library Shelf - 27- F 08/05/2023 LOHIA BOOKS INTERNATIONAL 925.00 615 PAR-A 27713 Books